00369 2200145 4500001002100000005001500021035002000036245005800056100002100114300001200135260004200147082000800189084001400197990001200211INLIS00000000000303220250918115224 a0010-09250003791 aAisyah Yang Cerdas & Yang Dicinta /cAhmad Ibnu Salim0 aAhmad Ibnu Salim a200 hlm aBandung :bIrsyad Baitus Salam,c2007 a200 a200 AHM a a0755598